Statistics for 2021 Oscar Best Actor and Actress Nominees

Click here to take the quiz!

General Stats

  • This quiz has been taken 93 times
  • The average score is 13 of 20

Answer Stats

MovieActor% Correct
The FatherAnthony Hopkins
96%
NomadlandFrances McDormand
88%
Ma Rainey's Black BottomChadwick Boseman
76%
Ma Rainey's Black BottomViola Davis
76%
The FatherOlivia Colman
75%
Promising Young WomanCarey Mulligan
71%
Judas and the Black MessiahDaniel Kaluuya
69%
Sound of MetalRiz Ahmed
69%
MankGary Oldman
68%
Hillbilly ElegyGlenn Close
68%
The Trial of the Chicago 7Sacha Baron Cohen
68%
Pieces of a WomanVanessa Kirby
60%
MinariSteven Yeun
59%
MankAmanda Seyfried
57%
The U.S. vs. Billie HolidayAndra Day
56%
Judas and the Black MessiahLakeith Stanfield
53%
Borat Subsequent MoviefilmMaria Bakalova
51%
One Night in MiamiLeslie Odom, Jr.
47%
MinariYuh-Jung Youn
47%
Sound of MetalPaul Raci
45%

Score Distribution

Percentile by Number Answered

Percent of People with Each Score

Your Score History

You have not taken this quiz